Preventing shoplifting without being sued : practical advice for retail executives /

Bibliographic Details
Main Author: Budden, Michael Craig
Corporate Author: NetLibrary, Inc
Format: eBook
Language:English
Published: Westport, Conn. : Quorum Books, 1999.
Subjects:
Online Access:Connect to the full text of this electronic book

MARC

Tag First Indicator Second Indicator Subfields
LEADER 00000cam a2200000La 4500
001 in00002244621
005 20190326183431.0
006 m u
007 cr cn|
008 011022s1999 ctu sb 001 0 eng d
020 |a 0585385394 (electronic bk.) 
020 |a 9780585385396 (electronic bk.) 
035 |a (OCoLC)ocm49415022 
035 |a (OCoLC)49415022 
040 |a N$T  |c N$T  |d OCLCQ  |d UtOrBLW 
049 |a TXAM 
050 1 4 |a HV6652  |b .B83 1999eb 
082 0 4 |a 658.4/73  |2 21 
100 1 |a Budden, Michael Craig. 
245 1 0 |a Preventing shoplifting without being sued :  |b practical advice for retail executives /  |c Michael Craig Budden. 
264 1 |a Westport, Conn. :  |b Quorum Books,  |c 1999. 
300 |a x, 164 pages ;  |c 24 cm. 
336 |a text  |b txt  |2 rdacontent 
337 |a computer  |b c  |2 rdamedia 
338 |a online resource  |b cr  |2 rdacarrier 
500 |a "Appendix--Legal cases cited": pages [155]-157. 
504 |a Includes bibliographical references (pages [159]-160) and index. 
533 |a Electronic reproduction.  |b Boulder, Colo. :  |c NetLibrary,  |d 2001.  |n Available via World Wide Web.  |n Access may be limited to NetLibrary affiliated libraries. 
500 |a Electronic resource. 
650 0 |a Shoplifting. 
650 0 |a Shoplifting  |x Prevention. 
650 0 |a Retail trade  |x Security measures. 
655 7 |a Electronic books.  |2 local 
710 2 |a NetLibrary, Inc. 
776 1 |c Original  |z 1567201199  |w (DLC) 98006020  |w (OCoLC)38535902 
856 4 0 |u http://proxy.library.tamu.edu/login?url=http://www.netLibrary.com/urlapi.asp?action=summary&v=1&bookid=62749  |z Connect to the full text of this electronic book  |t 0 
994 |a 92  |b TXA 
999 |a MARS 
999 f f |s 3202740b-3abd-30d6-81bb-3a64de2c2326  |i 554f8086-c143-35c6-b242-2d5051635eb1  |t 0 
952 f f |a Texas A&M University  |b College Station  |c Electronic Resources  |d Available Online  |t 0  |e HV6652 .B83 1999eb  |h Library of Congress classification 
998 f f |a HV6652 .B83 1999eb  |t 0  |l Available Online